|
|
|
|
| LEADER |
00000nam0a2200000 4500 |
| 001 |
91253 |
| 005 |
20231031103954.0 |
| 010 |
|
|
|a 3932661664
|
| 035 |
|
|
|a (RuTPU)RU\TPU\book\97837
|
| 090 |
|
|
|a 91253
|
| 100 |
|
|
|a 20060221d2007 km y0rusy50 ca
|
| 101 |
0 |
|
|a ger
|a rus
|
| 102 |
|
|
|a DE
|
| 105 |
|
|
|a a g 001zy
|
| 200 |
1 |
|
|a Бизнес-путеводитель Германия - Россия
|e справочник по германо-российскому экономическому сотрудничеству
|
| 205 |
|
|
|a 6-е изд.
|
| 210 |
|
|
|a Berlin
|c Wegweiser
|d 2007
|
| 215 |
|
|
|a 356 p.
|c il.
|
| 320 |
|
|
|a Указатель авторов: с. 353-355.
|
| 610 |
1 |
|
|a экономика
|
| 610 |
1 |
|
|a экономическое сотрудничество
|
| 610 |
1 |
|
|a Германия
|
| 610 |
1 |
|
|a Россия
|
| 610 |
1 |
|
|a путеводители
|
| 610 |
1 |
|
|a справочники
|
| 686 |
|
|
|a У9(4Г)я2
|v LBC/SL-A
|2 rubbk
|
| 686 |
|
|
|a У9(2)0я2
|v LBC/SL-A
|2 rubbk
|
| 801 |
|
1 |
|a RU
|b 63413507
|c 20060221
|g PSBO
|
| 801 |
|
2 |
|a RU
|b 63413507
|c 20080607
|g PSBO
|
| 942 |
|
|
|c BK
|